Central Library OPAC University of Rajshahi

Business economics / (Record no. 15808)

MARC details
000 -LEADER
fixed length control field 01000nam a2200325 a 4500
001 - CONTROL NUMBER
control field 15808
003 - CONTROL NUMBER IDENTIFIER
rucl marc code BD-RjUL
005 - DATE AND TIME OF LATEST TRANSACTION
control field 20211208235906.0
008 - FIXED-LENGTH DATA ELEMENTS--GENERAL INFORMATION
fixed length control field 140210r19631957dcuqn p 0 a0eng c
030 ## - CODEN DESIGNATION
CODEN BECODS
032 ## - POSTAL REGISTRATION NUMBER
Postal registration number 080440
Source agency assigning number USPS
035 ## - SYSTEM CONTROL NUMBER
System control number (BD-RjUL)15863
040 ## - CATALOGING SOURCE
Original cataloging agency MnMULS
Language of cataloging eng
Transcribing agency MnMULS
Modifying agency OCoLC
-- CU-UC
-- NIC
-- BD-RjUL
041 ## - LANGUAGE CODE
Language code of text/sound track or separate title eng
082 04 - DEWEY DECIMAL CLASSIFICATION NUMBER
Edition number 23
Classification number 330
Author mark and year RIB 1963
100 ## - MAIN ENTRY--PERSONAL NAME
Personal name Richardson, A.R.
9 (RLIN) 49023
245 10 - TITLE STATEMENT
Title Business economics /
Statement of responsibility, etc. A.R. Richardson.
250 ## - EDITION STATEMENT
Edition statement 2nd ed.
260 ## - PUBLICATION, DISTRIBUTION, ETC. (IMPRINT)
Place of publication, distribution, etc. Cleveland, Ohio :
Name of publisher, distributor, etc. National Association of Business Economists,
Date of publication, distribution, etc. 1955,1957 [reprinted 1961,1963]
300 ## - PHYSICAL DESCRIPTION
Pagination v. :
Illustrations ill. ;
Size 19 cm.
505 01 - FORMATTED CONTENTS NOTE
Formatted contents note Pt. 1 -- Pt. 2--
650 #0 - SUBJECT ADDED ENTRY--TOPICAL TERM
Topical term or geographic name as entry element Economics
9 (RLIN) 9412
Topical term or geographic name as entry element Business
9 (RLIN) 49024
710 2# - ADDED ENTRY--CORPORATE NAME
Corporate name or jurisdiction name as entry element National Association of Business Economists (U.S.)
9 (RLIN) 49026
Corporate name or jurisdiction name as entry element National Association for Business Economics (U.S.)
9 (RLIN) 49027
942 ## - ADDED ENTRY ELEMENTS (KOHA)
Source of classification or shelving scheme Dewey Decimal Classification
Koha item type Books
Holdings
Lost status Source of classification or shelving scheme Damaged status Not for loan Collection code Permanent Location Current Location Shelving location Date acquired Source of acquisition Cost, normal purchase price Total Checkouts Full call number Date last seen Copy number Koha item type
  Dewey Decimal Classification   Not For Loan Non-fiction Central Library, University of Rajshahi Central Library, University of Rajshahi Reading Room 23/05/1968 Zeitlinger 23.00   330 RIB Pt-2 1961 10/02/2014 C-1 Books
  Dewey Decimal Classification     Non-fiction Central Library, University of Rajshahi Central Library, University of Rajshahi   23/05/1968 Zeitlinger 23.00   330 RIB Pt-2 1961 24/02/2019 C-2 Books
  Dewey Decimal Classification     Non-fiction Central Library, University of Rajshahi Central Library, University of Rajshahi   23/05/1968 Zeitlinger 23.00   330 RIB Pt-1 1963 02/03/2019 C-1 Books
  Dewey Decimal Classification     Non-fiction Central Library, University of Rajshahi Central Library, University of Rajshahi   23/05/1968 Zeitlinger 23.00   330 RIB Pt-2 1961 02/03/2019 C-3 Books
  Dewey Decimal Classification     Non-fiction Central Library, University of Rajshahi Central Library, University of Rajshahi   23/05/1968 Zeitlinger 23.00   330 RIB V-1 1963 05/03/2019 C-2 Books